[Event "Queima das Fitas op"]
[Site "Coimbra"]
[Date "2024.04.28"]
[Round "7"]
[White "Farias, David Nuno ME"]
[Black "Martins, Bruno Andre Leite"]
[Result "1-0"]
[WhiteElo "2194"]
[BlackElo "2360"]
[PlyCount "75"]
[EventDate "2024.04.25"]
[EventType "swiss"]
[EventRounds "7"]
[EventCountry "POR"]
[SourceTitle "CB18_2024"]
[SourceDate "2024.05.01"]
[SourceVersion "1"]
[SourceVersionDate "2024.05.01"]
[SourceQuality "2"]

1. e4 d6 2. d4 e5 3. Nf3 Nc6 4. Bb5 Bd7 5. 0-0 exd4 6. Bxc6 bxc6 7. Qxd4 Ne7 8. b3 Ng6 9. Bb2 Nf4 10. Qe3 Ne6 11. Nd4 f6 12. f4 Be7 13. f5 Ng5 14. c4 0-0 15. Nc3 Re8 16. h4 Nf7 17. Rad1 a5 18. Qg3 Bf8 19. Bc1 a4 20. h5 axb3 21. axb3 h6 22. Qg6 Ne5 23. Qg3 Nf7 24. Bf4 Qb8 25. Ra1 Rxa1 26. Rxa1 c5 27. Nf3 Qxb3 28. Nd2 Qb7 29. Rb1 Qa7 30. Nd5 Ng5 31. Bxg5 hxg5 32. h6 c6 33. hxg7 Kxg7 34. Nxf6 Kxf6 35. Nf3 Bc8 36. Qxg5+ Kf7 37. Qg6+ Ke7 38. Qh7+ 1-0

[Event "Queima das Fitas op"]
[Site "Coimbra"]
[Date "2024.04.28"]
[Round "6"]
[White "Martins, Bruno Andre Leite"]
[Black "Pacetti Terra, Nicolas"]
[Result "1-0"]
[WhiteElo "2360"]
[BlackElo "2019"]
[PlyCount "143"]
[EventDate "2024.04.25"]
[EventType "swiss"]
[EventRounds "7"]
[EventCountry "POR"]
[SourceTitle "CB18_2024"]
[SourceDate "2024.05.01"]
[SourceVersion "1"]
[SourceVersionDate "2024.05.01"]
[SourceQuality "2"]

1. e4 e5 2. Nf3 Nc6 3. Bb5 a6 4. Ba4 Nf6 5. 0-0 Nxe4 6. d4 b5 7. Bb3 d5 8. dxe5 Be6 9. c3 Bc5 10. Bc2 0-0 11. Nbd2 Nxf2 12. Rxf2 f6 13. Nf1 Bxf2+ 14. Kxf2 fxe5 15. Kg1 h6 16. Qe1 Qf6 17. Be3 d4 18. Bf2 Bd5 19. Be4 Qe6 20. Ng3 Rad8 21. a4 Rf4 22. axb5 axb5 23. Rc1 Bxe4 24. Nxe4 Qd5 25. Nfd2 b4 26. cxd4 exd4 27. Rc5 Qe6 28. Qc1 Ne5 29. Rxc7 Nd3 30. Qc4 Qxc4 31. Rxc4 Nxb2 32. Rxb4 Nd3 33. Rxd4 Rxd4 34. Bxd4 Nc1 35. Bf2 Kf7 36. g3 Rg4 37. Be3 Nb3 38. Ng5+ hxg5 39. Nxb3 Rb4 40. Nd2 g4 41. Kf2 Ke6 42. Bc5 Ra4 43. Ke3 Kf5 44. Kd3 Ra1 45. Bd4 Rh1 46. Bxg7 Rxh2 47. Nf1 Rh7 48. Ne3+ Kg5 49. Be5 Rd7+ 50. Ke4 Re7 51. Nd5 Re8 52. Kd4 Kf5 53. Ne3+ Kg5 54. Bf4+ Kh5 55. Kd5 Ra8 56. Ke6 Ra6+ 57. Kf5 Ra5+ 58. Be5 Ra4 59. Nd5 Kh6 60. Nf6 Ra3 61. Nxg4+ Kh7 62. Nf6+ Kh6 63. Bf4+ Kg7 64. g4 Ra5+ 65. Be5 Ra2 66. Nd5+ Kf7 67. Nf4 Ra5 68. g5 Ra6 69. g6+ Rxg6 70. Nxg6 Ke8 71. Ke6 Kd8 72. Ne7 1-0

[Event "Queima das Fitas op"]
[Site "Coimbra"]
[Date "2024.04.26"]
[Round "3"]
[White "Alegre, Fabio Costa"]
[Black "Martins, Bruno Andre Leite"]
[Result "0-1"]
[WhiteElo "1942"]
[BlackElo "2360"]
[PlyCount "98"]
[EventDate "2024.04.25"]
[EventType "swiss"]
[EventRounds "7"]
[EventCountry "POR"]
[SourceTitle "CB18_2024"]
[SourceDate "2024.05.01"]
[SourceVersion "1"]
[SourceVersionDate "2024.05.01"]
[SourceQuality "2"]

1. c4 e6 2. g3 d5 3. Bg2 Nf6 4. Nf3 d4 5. 0-0 c5 6. d3 Nc6 7. e4 Bd6 8. b4 cxb4 9. e5 Nxe5 10. Nxe5 Bxe5 11. a3 b3 12. Nd2 0-0 13. Nxb3 Bc7 14. f4 Re8 15. Kh1 Rb8 16. g4 e5 17. f5 e4 18. dxe4 Nxe4 19. Bf4 b6 20. Qxd4 Qxd4 21. Nxd4 Bxf4 22. Rxf4 Bb7 23. Bxe4 Rxe4 24. Rxe4 Bxe4+ 25. Kg1 Rd8 26. Nb5 h5 27. h3 hxg4 28. hxg4 a6 29. Nc7 Rd4 30. Kf2 Rxc4 31. Nxa6 Bb7 32. Nb8 Rxg4 33. Rb1 Rf4+ 34. Kg3 Rxf5 35. Rxb6 Be4 36. Rb3 Ra5 37. Nd7 Bc6 38. Nb6 g6 39. Rc3 Be4 40. Kf4 Bf5 41. Nc4 Rc5 42. Ke3 Be6 43. Kd4 Rd5+ 44. Ke3 Rc5 45. Kd4 Rxc4+ 46. Rxc4 Bxc4 47. Kxc4 Kf8 48. Kd5 Ke7 49. Kc6 g5 0-1

[Event "Titled Tuesday intern op 23rd Jan Late"]
[Site "Chess.com INT"]
[Date "2024.01.23"]
[Round "1"]
[White "Henriquez Villagra, Cristobal"]
[Black "Martins, Bruno Andre Leite"]
[Result "0-1"]
[WhiteElo "2591"]
[BlackElo "2347"]
[PlyCount "128"]
[EventDate "2024.01.23"]
[EventType "swiss (blitz)"]
[EventRounds "11"]
[EventCountry "USA"]
[SourceTitle "CB05_2024"]
[SourceDate "2024.01.31"]
[SourceVersion "1"]
[SourceVersionDate "2024.01.31"]
[SourceQuality "1"]

1. g3 h5 2. Nf3 d5 3. Bg2 Nc6 4. d4 Bf5 5. 0-0 h4 6. Nxh4 Rxh4 7. gxh4 e6 8. Bg5 Be7 9. Qd2 Nf6 10. Nc3 Qd7 11. f3 0-0-0 12. e4 dxe4 13. fxe4 Bg6 14. e5 Ng8 15. Bxc6 Qxc6 16. Rad1 f6 17. Bf4 Bh5 18. Rde1 Bc5 19. Be3 fxe5 20. d5 exd5 21. Bxc5 Qxc5+ 22. Qf2 Qxf2+ 23. Rxf2 e4 24. Rf5 Nf6 25. Rg5 g6 26. Rf1 Rd6 27. Nb5 Rb6 28. Nd4 Kd7 29. c3 Ke7 30. b4 Ra6 31. a4 Rd6 32. Re5+ Kd7 33. Nb5 Ra6 34. a5 Be2 35. Rxf6 Rxf6 36. Rxd5+ Kc8 37. Nd4 Bc4 38. Re5 Bd3 39. Kg2 Kd7 40. Rd5+ Ke7 41. h5 gxh5 42. Rxh5 b6 43. axb6 axb6 44. b5 Kd6 45. Rg5 e3 46. Rg3 Bf1+ 47. Kg1 e2 48. Re3 Kc5 49. Nxe2 Bxe2 50. Rxe2 Kxb5 51. Re4 Rc6 52. c4+ Rxc4 53. Re5+ Rc5 54. Re3 Rh5 55. Kg2 c5 56. Kg3 c4 57. h4 Kc5 58. Kg4 Rh8 59. Rh3 b5 60. h5 b4 61. Kf4 b3 62. Ke3 b2 63. Rh1 Kb4 64. Kd2 Rxh5 0-1

[Event "Titled Tuesday intern op 23rd Jan Late"]
[Site "Chess.com INT"]
[Date "2024.01.23"]
[Round "7"]
[White "Martins, Bruno Andre Leite"]
[Black "Diaz, Fernando"]
[Result "1-0"]
[WhiteElo "2347"]
[BlackElo "2086"]
[PlyCount "133"]
[EventDate "2024.01.23"]
[EventType "swiss (blitz)"]
[EventRounds "11"]
[EventCountry "USA"]
[SourceTitle "CB05_2024"]
[SourceDate "2024.01.31"]
[SourceVersion "1"]
[SourceVersionDate "2024.01.31"]
[SourceQuality "1"]

1. d4 e5 2. c4 exd4 3. Nf3 Nc6 4. Nxd4 Nf6 5. Nc3 Bc5 6. Nxc6 dxc6 7. Qxd8+ Kxd8 8. Bg5 Be7 9. 0-0-0+ Ke8 10. Bf4 Ng4 11. Ne4 Be6 12. h3 Nf6 13. Nxf6+ Bxf6 14. e4 Rd8 15. Be2 Rd7 16. Bg4 Bxg4 17. hxg4 h6 18. g5 Rxd1+ 19. Kxd1 Bxb2 20. gxh6 gxh6 21. Rxh6 Rxh6 22. Bxh6 b5 23. Be3 a5 24. Kc2 Bg7 25. Kd3 Kd7 26. f4 Ke6 27. g4 a4 28. g5 Bf8 29. Bd4 c5 30. f5+ Kd7 31. Be5 b4 32. g6 fxg6 33. fxg6 Ke6 34. g7 Bxg7 35. Bxg7 b3 36. axb3 axb3 37. Kc3 Kf7 38. Be5 c6 39. Kxb3 Ke6 40. Bf4 Kd7 41. Kb2 Ke6 42. Ka1 Kd7 43. Kb1 Ke6 44. Kc1 Kd7 45. Kd1 Ke6 46. Ke1 Kd7 47. Kf1 Ke6 48. Kg1 Kd7 49. Kh1 Ke6 50. Kg2 Kd7 51. Kf3 Ke6 52. Be3 Kd6 53. Kf4 Ke6 54. Bxc5 Kd7 55. Bd4 Ke6 56. Kf3 Kd7 57. Kg2 Ke6 58. Kh1 Kf7 59. Kg1 Kg6 60. Kf1 Kg5 61. Be3+ Kf6 62. Ke2 Ke5 63. Kd3 Ke6 64. Kd4 Kd6 65. Bf4+ Ke6 66. Kc5 Kd7 67. Bg3 1-0

[Event "Titled Tuesday intern op 23rd Jan Late"]
[Site "Chess.com INT"]
[Date "2024.01.23"]
[Round "2"]
[White "Martins, Bruno Andre Leite"]
[Black "Flores, Diego"]
[Result "0-1"]
[WhiteElo "2347"]
[BlackElo "2526"]
[PlyCount "122"]
[EventDate "2024.01.23"]
[EventType "swiss (blitz)"]
[EventRounds "11"]
[EventCountry "USA"]
[SourceTitle "CB05_2024"]
[SourceDate "2024.01.31"]
[SourceVersion "1"]
[SourceVersionDate "2024.01.31"]
[SourceQuality "1"]

1. e4 e5 2. Nf3 Nc6 3. Bb5 Bc5 4. 0-0 Nge7 5. c3 Bb6 6. d4 exd4 7. cxd4 d5 8. e5 Bg4 9. Be3 0-0 10. h3 Bxf3 11. gxf3 Nf5 12. Bxc6 bxc6 13. Qd3 g6 14. Kh2 Qh4 15. Rg1 Bxd4 16. Rg4 Bxe5+ 17. f4 Qf6 18. fxe5 Qxe5+ 19. Bf4 Qxb2 20. Qxf5 Qxf2+ 21. Rg2 Qxg2+ 22. Kxg2 gxf5 23. Nd2 Rfe8 24. Kf3 f6 25. Rc1 Re6 26. Nb3 Rae8 27. Nd4 Re4 28. Nxf5 Re1 29. Rxc6 Rf1+ 30. Kg3 Re4 31. Nh6+ Kg7 32. Rxc7+ Kg6 33. Bd2 Rd1 34. Bc1 Rd3+ 35. Kf2 Rc4 36. Rxc4 dxc4 37. Ng4 Rc3 38. Be3 Rc2+ 39. Kf3 Rxa2 40. Nf2 c3 41. Ne4 c2 42. Nc3 Ra3 43. Ne2 a5 44. Ke4 a4 45. h4 Rxe3+ 46. Kxe3 a3 47. Nc1 Kh5 48. Kd2 Kxh4 49. Kxc2 Kg3 50. Kb3 h5 51. Kxa3 h4 52. Ne2+ Kf3 53. Ng1+ Kg2 54. Ne2 f5 55. Kb3 Kf2 56. Nf4 Kf3 57. Nh3 Kg3 58. Ng5 f4 59. Kc3 f3 60. Kd2 f2 61. Ke2 Kg2 0-1

[Event "Iberoamerican-ch 9th"]
[Site "Panama City"]
[Date "2023.12.02"]
[Round "9"]
[White "Martins, Bruno Andre Leite"]
[Black "Villalba, Marcelo"]
[Result "1-0"]
[WhiteElo "2323"]
[BlackElo "2241"]
[PlyCount "73"]
[EventDate "2023.11.25"]
[EventType "swiss"]
[EventRounds "9"]
[EventCountry "PAN"]
[SourceTitle "CB49_2023"]
[SourceDate "2023.12.06"]
[SourceVersion "1"]
[SourceVersionDate "2023.12.06"]
[SourceQuality "1"]

1. e4 e5 2. Nf3 Nc6 3. d4 exd4 4. Nxd4 Bc5 5. Nxc6 Qf6 6. Qf3 bxc6 7. Nd2 d5 8. exd5 Qxf3 9. Nxf3 Nf6 10. dxc6 Ng4 11. Bc4 Bxf2+ 12. Ke2 Bb6 13. h3 Nf6 14. Be3 Bxe3 15. Kxe3 Bf5 16. Kf4 Be6 17. Bxe6 fxe6 18. Rhe1 0-0 19. Kg3 Rab8 20. b3 Rb6 21. Nd4 Nh5+ 22. Kh2 Rf2 23. Rad1 h6 24. Re5 Nf4 25. Kg3 Ng6 26. Rxe6 Rf6 27. Re8+ Kh7 28. Rde1 h5 29. h4 Ra6 30. a4 Nxh4 31. R1e5 g6 32. R8e7+ Kh6 33. Rxc7 g5 34. Rc5 Rf1 35. Rd7 Rg1 36. Rd6+ Kh7 37. Rxg5 1-0

[Event "Iberoamerican-ch 9th"]
[Site "Panama City"]
[Date "2023.11.28"]
[Round "5"]
[White "Martins, Bruno Andre Leite"]
[Black "Almeida Quintana, Omar"]
[Result "0-1"]
[WhiteElo "2323"]
[BlackElo "2509"]
[PlyCount "150"]
[EventDate "2023.11.25"]
[EventType "swiss"]
[EventRounds "9"]
[EventCountry "PAN"]
[SourceTitle "CB49_2023"]
[SourceDate "2023.12.06"]
[SourceVersion "1"]
[SourceVersionDate "2023.12.06"]
[SourceQuality "1"]

1. e4 d6 2. d4 Nf6 3. Nc3 e5 4. dxe5 dxe5 5. Qxd8+ Kxd8 6. Bc4 Ke8 7. f4 Nc6 8. Nf3 Bd6 9. Bb5 Nd7 10. g3 a6 11. Bxc6 bxc6 12. Be3 f6 13. 0-0-0 a5 14. a3 Kf7 15. Rhf1 Re8 16. Ne1 exf4 17. Bxf4 Ne5 18. Nd3 Nc4 19. Rde1 Kg8 20. a4 Ba6 21. Rf2 Rad8 22. b3 Ba3+ 23. Kb1 Nd6 24. Bxd6 Bxd6 25. Rf5 c5 26. Nb5 Bxb5 27. axb5 Rb8 28. c4 c6 29. bxc6 Rxb3+ 30. Kc2 Rb6 31. c7 Rc8 32. Ra1 Ra6 33. Ra4 Rxc7 34. Rf1 Re7 35. Re1 Ra8 36. Kc3 h5 37. Rea1 Rxe4 38. Rxa5 Rxa5 39. Rxa5 Re2 40. Nxc5 Rxh2 41. Ne4 Bxg3 42. Nxg3 Rh3 43. Kd4 Rxg3 44. c5 Kf7 45. c6 Ke7 46. Rxh5 Kd6 47. Rc5 Rg4+ 48. Ke3 Kc7 49. Rc1 f5 50. Kf3 g6 51. Rc2 Rd4 52. Rg2 Rd6 53. Kf4 Kxc6 54. Kg5 Kd7 55. Re2 Re6 56. Rd2+ Kc6 57. Rd1 Kc5 58. Rc1+ Kd5 59. Rd1+ Kc4 60. Rd2 Rc6 61. Rd1 Kc5 62. Rd2 Rd6 63. Re2 Kd5 64. Re1 Ra6 65. Re2 Kd4 66. Re8 Ra1 67. Kxg6 f4 68. Kg5 f3 69. Rf8 Ke3 70. Re8+ Kf2 71. Kg4 Kg2 72. Kf4 f2 73. Rg8+ Kf1 74. Re8 Ra3 75. Rb8 Kg2 0-1

[Event "Lagos op 1st"]
[Site "Lagos"]
[Date "2023.10.29"]
[Round "3"]
[White "Martins, Bruno Andre Leite"]
[Black "Shadhursshaan, R."]
[Result "1-0"]
[WhiteElo "2323"]
[BlackElo "1861"]
[PlyCount "63"]
[EventDate "2023.10.28"]
[EventType "swiss"]
[EventRounds "9"]
[EventCountry "POR"]
[SourceTitle "Mega2024 Update 01"]
[Source "Chessbase"]
[SourceDate "2023.11.12"]
[SourceVersion "1"]
[SourceVersionDate "2023.11.12"]
[SourceQuality "1"]

1. e4 c6 2. d4 d5 3. e5 Bf5 4. Nf3 e6 5. Be2 Nd7 6. 0-0 h6 7. Nbd2 c5 8. c4 Ne7 9. dxc5 Nxc5 10. Nd4 Bg6 11. cxd5 Nxd5 12. Bb5+ Nd7 13. Qg4 Nc7 14. Ba4 a6 15. N2f3 b5 16. Bb3 Nc5 17. Bd2 Nxb3 18. axb3 Qd7 19. Rac1 Be7 20. Nc6 h5 21. Qg3 h4 22. Qg4 h3 23. Nxe7 Qxe7 24. Bb4 Qd7 25. Rfd1 Nd5 26. Nh4 hxg2 27. Nxg6 fxg6 28. Rxd5 exd5 29. Qxg6+ Kd8 30. Ba5+ Ke7 31. Qxg7+ Ke6 32. Qf6# 1-0

[Event "Titled Tuesday intern op 26th Sep Late"]
[Site "Chess.com INT"]
[Date "2023.09.26"]
[Round "4"]
[White "Martins, Bruno Andre Leite"]
[Black "Erenberg, Ariel"]
[Result "0-1"]
[WhiteElo "2325"]
[BlackElo "2496"]
[PlyCount "144"]
[EventDate "2023.09.26"]
[EventType "swiss (blitz)"]
[EventRounds "11"]
[EventCountry "USA"]
[SourceTitle "EXT 2024"]
[Source "ChessBase"]
[SourceDate "2023.10.10"]
[SourceVersion "1"]
[SourceVersionDate "2023.10.10"]
[SourceQuality "1"]

1. e4 c5 2. Ne2 d6 3. d4 cxd4 4. Nxd4 Nf6 5. Nc3 a6 6. Bd3 e6 7. f4 Nbd7 8. Qf3 Qc7 9. Be3 b5 10. g4 e5 11. Nf5 g6 12. g5 gxf5 13. gxf6 Nxf6 14. fxe5 dxe5 15. exf5 Bb7 16. Ne4 Bb4+ 17. c3 Be7 18. Nxf6+ Bxf6 19. Be4 Bxe4 20. Qxe4 Rd8 21. 0-0 Rg8+ 22. Kh1 Qc4 23. Qxc4 bxc4 24. Rad1 Rg4 25. Rxd8+ Bxd8 26. Re1 f6 27. Rd1 Re4 28. Bh6 Re2 29. Rd2 Re1+ 30. Kg2 Bc7 31. Bg7 e4 32. Bxf6 e3 33. Rc2 Bf4 34. Bh4 Rd1 35. Re2 Kf7 36. Kf3 Bh6 37. Be1 Rd3 38. Bh4 Rd1 39. Bg3 Kf6 40. Ke4 Rd7 41. Be5+ Kf7 42. Bd4 Re7+ 43. Kf3 Rd7 44. Bxe3 Rd3 45. Ke4 Bf8 46. Bd4 Rh3 47. Kd5 Rf3 48. Kxc4 Rxf5 49. b4 Rh5 50. a4 Bd6 51. b5 axb5+ 52. axb5 Bxh2 53. b6 Bd6 54. Rf2+ Ke7 55. Rb2 Kd7 56. Ra2 Kc6 57. Ra8 Rh1 58. Rc8+ Kb7 59. Rd8 Bb8 60. Kd5 Rh5+ 61. Kc4 Rh1 62. Rd7+ Ka6 63. Rf7 h5 64. Kd5 h4 65. Rh7 h3 66. Kc6 h2 67. c4 Rc1 68. Rh3 Rxc4+ 69. Bc5 Ra4 70. b7 Ra1 71. Bd4 h1Q+ 72. Rxh1 Rxh1 0-1

[Event "Titled Tuesday intern op 12th Sep Early"]
[Site "Chess.com INT"]
[Date "2023.09.12"]
[Round "3"]
[White "Martins, Bruno Andre Leite"]
[Black "Fromm, Marius"]
[Result "1-0"]
[WhiteElo "2325"]
[BlackElo "2472"]
[PlyCount "49"]
[EventDate "2023.09.12"]
[EventType "swiss (blitz)"]
[EventRounds "11"]
[EventCountry "USA"]
[SourceTitle "EXT 2024"]
[Source "ChessBase"]
[SourceDate "2023.10.10"]
[SourceVersion "1"]
[SourceVersionDate "2023.10.10"]
[SourceQuality "1"]

1. d4 d5 2. c4 dxc4 3. e3 Nf6 4. Bxc4 e6 5. Nf3 c5 6. 0-0 a6 7. Qe2 b5 8. Bb3 Nbd7 9. e4 Bb7 10. d5 c4 11. dxe6 fxe6 12. Bc2 Bc5 13. e5 Nd5 14. Ng5 Nf8 15. Qh5+ g6 16. Qg4 Qe7 17. Ne4 h6 18. b3 cxb3 19. Bxb3 0-0-0 20. a4 Kb8 21. axb5 axb5 22. Na3 Nd7 23. Nxb5 Nxe5 24. Qg3 Qg7 25. Bb2 1-0

[Event "POR-ch"]
[Site "Viana do Castelo"]
[Date "2023.09.09"]
[Round "8"]
[White "Fernandes, Antonio ETG"]
[Black "Martins, Bruno Andre Leite"]
[Result "1/2-1/2"]
[WhiteElo "2321"]
[BlackElo "2325"]
[PlyCount "82"]
[EventDate "2023.09.03"]
[EventType "tourn"]
[EventRounds "9"]
[EventCountry "POR"]
[EventCategory "3"]
[SourceTitle "EXT 2024"]
[Source "ChessBase"]
[SourceDate "2023.10.10"]
[SourceVersion "1"]
[SourceVersionDate "2023.10.10"]
[SourceQuality "1"]

1. d4 Nf6 2. g3 g6 3. Bg2 Bg7 4. e4 d6 5. Nc3 0-0 6. Nge2 e5 7. h3 Nc6 8. Be3 exd4 9. Nxd4 Bd7 10. 0-0 Re8 11. Re1 Nxd4 12. Bxd4 c5 13. Bxf6 Qxf6 14. Rb1 Bc6 15. Nd5 Qd8 16. Qd2 Bd4 17. Nf4 Qg5 18. h4 Qh6 19. Qd3 Rad8 20. c3 Be5 21. Nd5 Qf8 22. Rbd1 Bg7 23. Bh3 b5 24. a3 Rb8 25. Re3 a5 26. Bf1 Re5 27. f4 Ree8 28. Kh2 Red8 29. Qd2 b4 30. axb4 axb4 31. Bc4 bxc3 32. bxc3 Rb7 33. Qe2 Rdb8 34. Red3 Rb2 35. R3d2 Rxd2 36. Qxd2 Qe8 37. Re1 Rb7 38. Ba6 Ra7 39. Bc4 Rb7 40. Ba6 Ra7 41. Bc4 Rb7 1/2-1/2

[Event "Maia op 7th"]
[Site "Maia"]
[Date "2023.09.02"]
[Round "9"]
[White "Goncalves, Samuel Jesus P"]
[Black "Martins, Bruno Andre Leite"]
[Result "1/2-1/2"]
[WhiteElo "2057"]
[BlackElo "2346"]
[PlyCount "130"]
[EventDate "2023.08.25"]
[EventType "swiss"]
[EventRounds "9"]
[EventCountry "POR"]
[SourceTitle "EXT 2024"]
[Source "ChessBase"]
[SourceDate "2023.10.10"]
[SourceVersion "1"]
[SourceVersionDate "2023.10.10"]
[SourceQuality "1"]

1. Nf3 d5 2. g3 Nf6 3. Bg2 Nc6 4. d4 e6 5. 0-0 h6 6. c4 Bd6 7. b3 0-0 8. Bb2 b6 9. Nbd2 Bb7 10. Qb1 Na5 11. Rd1 Qe7 12. Ne5 c5 13. cxd5 exd5 14. Ndf3 Ne4 15. e3 Rfe8 16. Nd2 Nf6 17. Ndf3 Qe6 18. Bc3 Nc6 19. Qb2 Ne4 20. Nxc6 Bxc6 21. dxc5 Nxc3 22. Qxc3 bxc5 23. Nd4 cxd4 24. Qxc6 dxe3 25. fxe3 Rac8 26. Qxd5 Qxe3+ 27. Kh1 Be5 28. Rab1 Bf6 29. Qd2 Qb6 30. Re1 Red8 31. Qe2 Rc3 32. Rbc1 Rxc1 33. Rxc1 Qd4 34. Bf3 Qb6 35. Rd1 Rc8 36. Rd2 Qa5 37. Kg2 Bg5 38. Rc2 Rd8 39. Qe4 g6 40. Re2 Bf6 41. b4 Qa3 42. Qe3 Qxb4 43. Qxh6 Bd4 44. Qh4 Qa5 45. Qe4 Bb6 46. h4 Qc5 47. h5 gxh5 48. Qe7 Qg1+ 49. Kh3 Qf1+ 50. Bg2 Qf5+ 51. Kh2 Rd1 52. Re1 Rxe1 53. Qxe1 Bc7 54. Qe4 Qg5 55. Qf3 Kg7 56. Kh3 Be5 57. Bf1 a5 58. Bc4 f6 59. Bd3 Kh6 60. Bc2 Kg7 61. Qb7+ Kf8 62. Qc8+ Ke7 63. Qc5+ Kf7 64. Qd5+ Ke7 65. Qc5+ Kf7 1/2-1/2

[Event "Titled Tuesday intern op 22nd Aug Late"]
[Site "Chess.com INT"]
[Date "2023.08.22"]
[Round "3"]
[White "Klukin, Kirill"]
[Black "Martins, Bruno Andre Leite"]
[Result "1-0"]
[WhiteElo "2390"]
[BlackElo "2346"]
[PlyCount "63"]
[EventDate "2023.08.22"]
[EventType "swiss (blitz)"]
[EventRounds "11"]
[EventCountry "USA"]
[SourceTitle "EXT 2024"]
[Source "ChessBase"]
[SourceDate "2023.10.10"]
[SourceVersion "1"]
[SourceVersionDate "2023.10.10"]
[SourceQuality "1"]

1. c4 Nf6 2. Nc3 g6 3. g3 Bg7 4. Bg2 0-0 5. e3 Nc6 6. Nge2 e5 7. 0-0 d6 8. Rb1 Be6 9. Nd5 a5 10. a3 Qd7 11. Re1 Bh3 12. Bh1 Nxd5 13. cxd5 Ne7 14. d4 f5 15. dxe5 dxe5 16. Qb3 Qd6 17. Bd2 Kh8 18. Rbc1 Rfc8 19. Nc3 Qf6 20. Na4 f4 21. exf4 exf4 22. Bc3 Qf7 23. Bxg7+ Kxg7 24. Nc5 fxg3 25. hxg3 Nf5 26. Ne6+ Kg8 27. Ng5 Nd4 28. Qe3 Nf5 29. Qe5 Qd7 30. Nxh3 Re8 31. Qc3 Nxg3 32. Qxg3 1-0

[Event "Titled Tuesday intern op 22nd Aug Early"]
[Site "Chess.com INT"]
[Date "2023.08.22"]
[Round "11"]
[White "Martins, Bruno Andre Leite"]
[Black "Sarkar, Justin"]
[Result "0-1"]
[WhiteElo "2346"]
[BlackElo "2288"]
[PlyCount "64"]
[EventDate "2023.08.22"]
[EventType "swiss (blitz)"]
[EventRounds "11"]
[EventCountry "USA"]
[SourceTitle "EXT 2024"]
[Source "ChessBase"]
[SourceDate "2023.10.10"]
[SourceVersion "1"]
[SourceVersionDate "2023.10.10"]
[SourceQuality "1"]

1. e4 c5 2. Nf3 d6 3. d4 cxd4 4. Nxd4 Nf6 5. Nc3 a6 6. Bg5 e6 7. f4 h6 8. Bh4 Qb6 9. Qd2 Qxb2 10. Rb1 Qa3 11. e5 dxe5 12. fxe5 g5 13. exf6 gxh4 14. Be2 Bc5 15. 0-0 Nc6 16. Rf4 Nxd4 17. Rxd4 e5 18. Rb3 Bxd4+ 19. Kh1 Qa5 20. Bc4 Qc5 21. Qd3 b5 22. Bd5 Ra7 23. Qf3 Rc7 24. Ne2 Qxc2 25. h3 Qd1+ 26. Kh2 Rg8 27. Nxd4 Qxd4 28. Re3 Kf8 29. Be4 Rc1 30. a4 Rg3 31. Qh5 Qxe3 32. Qxh6+ Qxh6 0-1

[Event "Titled Tuesday intern op 22nd Aug Early"]
[Site "Chess.com INT"]
[Date "2023.08.22"]
[Round "2"]
[White "Ovezdurdiyeva, Jemal"]
[Black "Martins, Bruno Andre Leite"]
[Result "1-0"]
[WhiteElo "2057"]
[BlackElo "2346"]
[PlyCount "79"]
[EventDate "2023.08.22"]
[EventType "swiss (blitz)"]
[EventRounds "11"]
[EventCountry "USA"]
[SourceTitle "EXT 2024"]
[Source "ChessBase"]
[SourceDate "2023.10.10"]
[SourceVersion "1"]
[SourceVersionDate "2023.10.10"]
[SourceQuality "1"]

1. e4 c5 2. Nf3 d6 3. c3 Nf6 4. Bd3 e6 5. 0-0 Be7 6. Bc2 0-0 7. d4 cxd4 8. cxd4 b6 9. Nc3 Bb7 10. Qe2 Nbd7 11. e5 dxe5 12. dxe5 Nd5 13. Qd3 f5 14. exf6 N7xf6 15. Ng5 Nxc3 16. Qxc3 Rc8 17. Qd3 Qd5 18. Qxd5 Bxd5 19. Bb3 Bxb3 20. axb3 a5 21. Nxe6 Rfe8 22. Be3 Bc5 23. Nxc5 bxc5 24. Rxa5 Rb8 25. Rxc5 Rxb3 26. Bd4 Kf7 27. f3 Re2 28. Rc7+ Kg6 29. h4 Rd3 30. Bc3 Rd6 31. Kh2 Nh5 32. Kh3 Nf4+ 33. Kg4 Ne6 34. Re7 h5+ 35. Kg3 Kh7 36. Rf2 Rxf2 37. Kxf2 Ra6 38. Ke3 Rc6 39. Ke4 Rc4+ 40. Kd5 1-0

[Event "Titled Tuesday intern op 22nd Aug Late"]
[Site "Chess.com INT"]
[Date "2023.08.22"]
[Round "6"]
[White "Sarkar, Justin"]
[Black "Martins, Bruno Andre Leite"]
[Result "1-0"]
[WhiteElo "2288"]
[BlackElo "2346"]
[PlyCount "33"]
[EventDate "2023.08.22"]
[EventType "swiss (blitz)"]
[EventRounds "11"]
[EventCountry "USA"]
[SourceTitle "EXT 2024"]
[Source "ChessBase"]
[SourceDate "2023.10.10"]
[SourceVersion "1"]
[SourceVersionDate "2023.10.10"]
[SourceQuality "1"]

1. d4 Nf6 2. c4 g6 3. Bg5 Bg7 4. Nc3 0-0 5. e3 d6 6. Bd3 c5 7. Nge2 cxd4 8. exd4 h6 9. Bh4 g5 10. Bg3 Nh5 11. h4 Nxg3 12. Nxg3 f5 13. hxg5 hxg5 14. Qh5 e5 15. Nxf5 Bxf5 16. Bxf5 exd4 17. Bh7+ 1-0

[Event "Titled Tuesday intern op 08th Aug Early"]
[Site "Chess.com INT"]
[Date "2023.08.08"]
[Round "11"]
[White "Klukin, Kirill"]
[Black "Martins, Bruno Andre Leite"]
[Result "0-1"]
[WhiteElo "2390"]
[BlackElo "2346"]
[PlyCount "144"]
[EventDate "2023.08.08"]
[EventType "swiss (blitz)"]
[EventRounds "11"]
[EventCountry "USA"]
[SourceTitle "EXT 2024"]
[Source "ChessBase"]
[SourceDate "2023.10.10"]
[SourceVersion "1"]
[SourceVersionDate "2023.10.10"]
[SourceQuality "1"]

1. d4 Nf6 2. Nf3 e6 3. e3 Bb4+ 4. c3 Be7 5. Bd3 0-0 6. 0-0 d6 7. e4 Nfd7 8. Bf4 Bf6 9. e5 dxe5 10. dxe5 Be7 11. Qe2 g6 12. Nbd2 Nc5 13. Bc2 b6 14. Rfd1 Qe8 15. Bh6 Ba6 16. Qe3 Nc6 17. Ne4 Nxe4 18. Bxe4 Bb7 19. Nd4 Na5 20. Bxb7 Nxb7 21. Qf3 Na5 22. b4 Nc4 23. Qe4 f5 24. exf6 Rxf6 25. Bg5 Nd6 26. Qe5 Rf7 27. Bxe7 Rxe7 28. Re1 Nf7 29. Qe4 e5 30. Nc6 Re6 31. b5 a6 32. a4 axb5 33. axb5 Rxa1 34. Rxa1 Nd6 35. Qd5 Kg7 36. c4 Nf7 37. h3 Rd6 38. Qe4 Qe6 39. Ra7 Rd7 40. Kh2 h5 41. f4 Kf6 42. Ra2 exf4 43. Qxf4+ Kg7 44. Rf2 Qd6 45. Qxd6 Rxd6 46. Rf4 Ng5 47. h4 Ne6 48. Re4 Kf6 49. Re2 Nd4 50. Rf2+ Ke6 51. Rf8 Nxc6 52. bxc6 Rxc6 53. Rf4 Ke5 54. Kg3 Rf6 55. Rxf6 Kxf6 56. Kf4 c6 57. Ke4 b5 58. c5 Ke6 59. g3 Kf6 60. Kf4 b4 61. Ke4 Ke6 62. Kd4 Kf5 63. Kc4 Ke5 64. Kxb4 Kd4 65. Kb3 Kxc5 66. Kc3 Kd5 67. Kd3 Ke5 68. Kc4 Ke4 69. Kc5 Kf3 70. Kxc6 Kxg3 71. Kd5 Kxh4 72. Ke4 Kg3 0-1